000 00445 a2200157 4500
999 _c4682
_d4682
020 _a0748717775
050 _aQA 37.2 BOS 1995
100 _aBostock, L.
_eauthor
245 _aModule A :
_bPure maths 1
_cL bostock and S. Chandler
264 _aCheltenham :
_bStanley Thornes
_c1995
300 _axi, 354p. :
_bill.(col.)
500 _aIncludes index
650 _aMathematics
700 _aChandler, S.
_eauthor
942 _2lcc
_cBK
_h37.2
_iBOS
_kQA